| Tag |
First Indicator |
Second Indicator |
Subfields |
| LEADER |
00000cam a2200000 4500 |
| 001 |
in00000022647 |
| 005 |
20151007064100.0 |
| 008 |
740311s1961 ag 00000 spa u |
| 035 |
|
|
|a (OCoLC)00826499
|
| 035 |
|
|
|9 AAD9003AM
|
| 040 |
|
|
|c TEU
|d TXA
|d UtOrBLW
|
| 049 |
|
|
|a TXAS
|c 2 [A08604059]
|a TXAM
|c [357921]
|
| 090 |
|
|
|a PQ7797.L88
|b R7
|
| 100 |
1 |
|
|a Lynch, Benito,
|d 1880-1951.
|
| 245 |
1 |
3 |
|a El romance de un gaucho.
|
| 264 |
|
1 |
|a Buenos Aires :
|b G. Kraft,
|c [1961]
|
| 300 |
|
|
|a 542 pages ;
|c 19 cm.
|
| 336 |
|
|
|a text
|b txt
|2 rdacontent
|
| 337 |
|
|
|a unmediated
|b n
|2 rdamedia
|
| 338 |
|
|
|a volume
|b nc
|2 rdacarrier
|
| 490 |
1 |
|
|a America en la novela
|
| 830 |
|
0 |
|a América en la novela.
|
| 999 |
|
|
|a MARS
|
| 999 |
f |
f |
|s edcc66f2-9da9-3b1f-9bdc-5b7eca34fb43
|i 90653788-36dc-3f01-998c-eeead6c9fe67
|t 0
|
| 952 |
f |
f |
|p noncirc
|a Texas A&M University
|b College Station
|c Cushing Memorial Library & Archives
|d Cushing: Dykes (Does not check out)
|t 0
|e PQ7797.L88 R7
|h Library of Congress classification
|i unmediated -- volume
|m A14851759382
|
| 952 |
f |
f |
|p ric
|a Texas A&M University
|b Rellis Campus
|c Joint Library Facility
|d Remote Storage
|t 0
|e PQ7797.L88 R7
|h Library of Congress classification
|i unmediated -- volume
|m A14801384836
|
| 998 |
f |
f |
|a PQ7797.L88 R7
|t 0
|l Cushing: Dykes (Does not check out)
|
| 998 |
f |
f |
|a PQ7797.L88 R7
|t 0
|l Remote Storage
|